000 00636nam a2200217Ia 4500
003 0100
008 130307s9999 xx 000 0 und d
020 _a0912422661 (pbk.) :
040 _cARRUPELIB
050 _aBX3703.6.V24 1984
100 _aValles, Carlos G. (Carlos Gonzales), 1925-
245 _aLiving together in a Jesuit community .
250 _a2nd ed.
260 _aAnand, India : ;St. Louis, U.S.A. :
260 _bGujarat Sahitya Prakash Institute of Jesuit Sources
260 _c1984.
300 _aviii
300 _b119 p. 22 cm.
440 _aSeries IV--Study aids on Jesuit topics ;no. 10
942 0 0 _01
999 _c97669
_d97669